Statistics for 2022 FIFA World Cup - Participating Countries

Click here to take the quiz!

General Stats

  • This quiz has been taken 29 times
    (11 since last reset)
  • The average score is 30 of 32

Answer Stats

Answer% Correct
Argentina
100%
Australia
100%
Belgium
100%
Brazil
100%
Croatia
100%
Denmark
100%
England
100%
Germany
100%
Iran
100%
Japan
100%
Morocco
100%
Netherlands
100%
Poland
100%
Portugal
100%
Qatar
100%
Saudi Arabia
100%
Spain
100%
Switzerland
100%
Canada
89%
Ecuador
89%
France
89%
Ghana
89%
Senegal
89%
Tunisia
89%
United States
89%
Uruguay
89%
Wales
89%
Cameroon
78%
Costa Rica
78%
South Korea
78%
Mexico
67%
Serbia
67%

Score Distribution

Percentile by Number Answered

Percent of People with Each Score

Your Score History

You have not taken this quiz since the last reset